<?xml version="1.0" encoding="UTF-8"?>
<record
    xmlns:xsi="http://www.w3.org/2001/XMLSchema-instance"
    xsi:schemaLocation="http://www.loc.gov/MARC21/slim http://www.loc.gov/standards/marcxml/schema/MARC21slim.xsd"
    xmlns="http://www.loc.gov/MARC21/slim">

  <leader>03161cam a2200373 i 4500</leader>
  <controlfield tag="001">22375404</controlfield>
  <controlfield tag="003">CUTN</controlfield>
  <controlfield tag="005">20240112153454.0</controlfield>
  <controlfield tag="006">m    |o  d |     </controlfield>
  <controlfield tag="007">cr_|||||||||||</controlfield>
  <controlfield tag="008">220107s2022    nyu     ob    001 0 eng  </controlfield>
  <datafield tag="010" ind1=" " ind2=" ">
    <subfield code="a">  2022000387</subfield>
  </datafield>
  <datafield tag="020" ind1=" " ind2=" ">
    <subfield code="a">9781003205753</subfield>
    <subfield code="q">(ebook)</subfield>
  </datafield>
  <datafield tag="020" ind1=" " ind2=" ">
    <subfield code="z">9781032071763</subfield>
    <subfield code="q">(hardback)</subfield>
  </datafield>
  <datafield tag="020" ind1=" " ind2=" ">
    <subfield code="z">9781032071756</subfield>
    <subfield code="q">(paperback)</subfield>
  </datafield>
  <datafield tag="040" ind1=" " ind2=" ">
    <subfield code="a">DLC</subfield>
    <subfield code="b">eng</subfield>
    <subfield code="c">DLC</subfield>
    <subfield code="e">rda</subfield>
    <subfield code="d">DLC</subfield>
  </datafield>
  <datafield tag="042" ind1=" " ind2=" ">
    <subfield code="a">pcc</subfield>
  </datafield>
  <datafield tag="050" ind1="0" ind2="0">
    <subfield code="a">PN1995.9.M29</subfield>
  </datafield>
  <datafield tag="082" ind1="0" ind2="0">
    <subfield code="a">791.430</subfield>
    <subfield code="2">23/eng/20220107</subfield>
    <subfield code="b">FIN</subfield>
  </datafield>
  <datafield tag="100" ind1="1" ind2=" ">
    <subfield code="a">Finney, Angus,</subfield>
    <subfield code="d">1964-</subfield>
    <subfield code="e">author.</subfield>
  </datafield>
  <datafield tag="245" ind1="1" ind2="4">
    <subfield code="a">The international film business :</subfield>
    <subfield code="b">a market guide beyond Hollywood /</subfield>
    <subfield code="c">Angus Finney.</subfield>
  </datafield>
  <datafield tag="250" ind1=" " ind2=" ">
    <subfield code="a">Third edition.</subfield>
  </datafield>
  <datafield tag="300" ind1=" " ind2=" ">
    <subfield code="a">1 online resource</subfield>
  </datafield>
  <datafield tag="504" ind1=" " ind2=" ">
    <subfield code="a">Includes bibliographical references and index.</subfield>
  </datafield>
  <datafield tag="505" ind1="0" ind2=" ">
    <subfield code="a">The film value chain -- Users and the changing digital market -- Business, leadership and management strategies -- Conclusion.</subfield>
  </datafield>
  <datafield tag="520" ind1=" " ind2=" ">
    <subfield code="a">"Examining the independent film sector as a business on an international scale, author Angus Finney addresses the specific skills and knowledge required to successfully navigate the international film business. Finney describes and analyses the present structure of the film industry as a business, with a specific focus on the film value chain and takes readers through the status of current digital technology, offering ways in which this may change the structure and opportunities offered by the industry in the future. The textbook provides information and advice on the different business and management skills and strategies that students and emerging practitioners will need to effectively engage with the industry in an international context. Case studies of films and TV including Parasite (2019), Game of Thrones (2011-2019) and The Best Exotic Marigold Hotel (2011) are supplemented by company case studies on Redbus, Renaissance, Pixar, with additional new chapters focusing on Netflix, TikTok and the Metaverse. This third edition of The International Film Business includes up to date information on the status of the international film industry during and post Covid-19; expanded content looking at the TV industry and streaming services; new case studies and dedicated sections on the Streaming Wars and the Chinese Film Industry; and a new chapter looking at the changes in digital production in the context of the global and territorial film and TV industry. Written for students of Film Business and emerging practitioners, this book will take readers through the successes and failures of a variety of real film companies and projects and features exclusive interviews with leading practitioners in all sectors of the industry, from production to exhibition"--</subfield>
  </datafield>
  <datafield tag="650" ind1=" " ind2="0">
    <subfield code="a">Motion pictures</subfield>
    <subfield code="x">Marketing.</subfield>
  </datafield>
  <datafield tag="650" ind1=" " ind2="0">
    <subfield code="a">Motion pictures</subfield>
    <subfield code="x">Distribution.</subfield>
  </datafield>
  <datafield tag="650" ind1=" " ind2="0">
    <subfield code="a">Motion picture industry</subfield>
    <subfield code="x">Finance.</subfield>
  </datafield>
  <datafield tag="776" ind1="0" ind2="8">
    <subfield code="i">Print version:</subfield>
    <subfield code="a">Finney, Angus, 1964-</subfield>
    <subfield code="t">International film business</subfield>
    <subfield code="b">Third edition.</subfield>
    <subfield code="d">New York, NY : Routledge, 2022</subfield>
    <subfield code="z">9781032071763</subfield>
    <subfield code="w">(DLC) 2022000386</subfield>
  </datafield>
  <datafield tag="906" ind1=" " ind2=" ">
    <subfield code="a">7</subfield>
    <subfield code="b">cbc</subfield>
    <subfield code="c">orignew</subfield>
    <subfield code="d">1</subfield>
    <subfield code="e">ecip</subfield>
    <subfield code="f">20</subfield>
    <subfield code="g">y-gencatlg</subfield>
  </datafield>
  <datafield tag="942" ind1=" " ind2=" ">
    <subfield code="2">ddc</subfield>
    <subfield code="c">BOOKS</subfield>
  </datafield>
  <datafield tag="999" ind1=" " ind2=" ">
    <subfield code="c">41800</subfield>
    <subfield code="d">41800</subfield>
  </datafield>
  <datafield tag="952" ind1=" " ind2=" ">
    <subfield code="r">2024-01-12 15:35:26</subfield>
    <subfield code="l">0</subfield>
    <subfield code="o">791.430 FIN</subfield>
    <subfield code="p">46563</subfield>
    <subfield code="w">2024-01-12</subfield>
    <subfield code="y">BOOKS</subfield>
    <subfield code="1">0</subfield>
    <subfield code="2">ddc</subfield>
    <subfield code="4">0</subfield>
    <subfield code="7">0</subfield>
    <subfield code="8">NFIC</subfield>
    <subfield code="0">0</subfield>
    <subfield code="a">CUTN</subfield>
    <subfield code="b">CUTN</subfield>
    <subfield code="c">700</subfield>
    <subfield code="d">2024-01-12</subfield>
  </datafield>
</record>
